Creative gift packaging.
| Main Author: | |
|---|---|
| Format: | Book |
| Published: |
Tokyo:
Ondorisha,
1986.
|
| Subjects: |
| LEADER | 00396cam a2200157 7i4500 | ||
|---|---|---|---|
| 001 | 0000004772 | ||
| 005 | 19991025090000.0 | ||
| 002 | ##000006308 | ||
| 020 | 0 | 0 | |a 0-87040=732-5 |
| 090 | 0 | 0 | |a DE 688.8 |b KON |
| 100 | 1 | 0 | |a Kondo |
| 245 | 1 | 0 | |a Creative gift packaging. |
| 260 | 0 | 0 | |a Tokyo: |b Ondorisha, |c 1986. |
| 300 | 0 | 0 | |a 89 p.. |
| 650 | 0 | 0 | |a Packaging |
| 999 | |a 0000006450 |b Book |c Open shelf |e Business Information Centre | ||